| 000 | 00575nam a2200217Ia 4500 | ||
|---|---|---|---|
| 005 | 20240429145345.0 | ||
| 008 | 131103s9999 xx 000 0 und d | ||
| 020 |
_a9.79E+12 _cRs.395.00 |
||
| 040 | _aLoreto College | ||
| 041 | _aEnglish | ||
| 082 |
_a371.33 _bMAN |
||
| 100 | _aMangal, S.K. | ||
| 245 |
_aEssentials of Education Technology _cS.K. Mangal and Uma Mangal |
||
| 260 |
_aNew Delhi _bPHI Learning _c2009 |
||
| 300 | _axxiv,812p. | ||
| 650 | _aEducation | ||
| 651 | _aEducational technology | ||
| 700 | _aMangal, Uma | ||
| 850 | _aLCBED | ||
| 942 | _cBK | ||
| 999 |
_c36444 _d86923 |
||